000
00326nam a2200133Ia 4500
008
231129s1960||||xx |||||||||||||| ||spa||
040
_b
spa
082
_a
(EN PROCESO DE DESCARTE) 833.912 V215n
100
_a
Valtin Jan
245
0
_a
La noche quedo atras
260
_c
1960
264
_a
México : Diana
942
_2
ddc
_c
BKS
999
_c
17749
_d
17749